| 000 | 00704nam a22001937a 4500 | ||
|---|---|---|---|
| 005 | 20230131070815.0 | ||
| 008 | 230131b |||||||| |||| 00| 0 eng d | ||
| 020 | _a978-971-9658-27-2 | ||
| 082 | _aFil. 370.102 L654 2016 | ||
| 100 |
_aLeus, Marcela J. _eauthor |
||
| 245 |
_aMy practice teaching journey: _ban experiental learning program handbook and portfolio / _cMarcela J. Leus, Estefania S. De Guzman |
||
| 250 | _a1st ed. | ||
| 260 |
_aQuezon City: _bAdriana Publishing, _cc2016 |
||
| 300 |
_axxiv, 222p.: _bill. |
||
| 504 | _aIncludes bibliographical references | ||
| 541 | _e5151 c.1, 5152 c.2, 5153 c.3 | ||
| 650 | _aTeaching - Handbook, manuals, etc. | ||
| 700 |
_aDe Guzman, Estefania S. _eauthor |
||
| 999 |
_c786 _d786 |
||